[Event "Kiev Spring op"]
[Site "Kiev"]
[Date "2021.07.16"]
[Round "8"]
[White "Holota, Maksym"]
[Black "Didok, Danylo"]
[Result "1-0"]
[WhiteElo "1626"]
[BlackElo "1353"]
[PlyCount "103"]
[EventDate "2021.07.10"]
[EventType "swiss"]
[EventRounds "9"]
[EventCountry "UKR"]
[SourceTitle "EXT 2024"]
[Source "ChessBase"]
[SourceDate "2023.10.10"]
[SourceVersion "1"]
[SourceVersionDate "2023.10.10"]
[SourceQuality "1"]

1. e4 e5 2. Nf3 Nc6 3. Bc4 Bc5 4. b4 Bxb4 5. c3 Bc5 6. d4 exd4 7. 0-0 Nge7 8. cxd4 Bb6 9. Ng5 Ng6 10. Nxf7 Qf6 11. e5 Qf5 12. Bb2 Rf8 13. Na3 Rxf7 14. Bxf7+ Qxf7 15. Nc2 Kf8 16. Kh1 d6 17. Ba3 Qf4 18. exd6 cxd6 19. Qh5 Bc7 20. Ne3 Qh4 21. Qxh4 Nxh4 22. d5 Nd4 23. Rac1 Nb5 24. Rxc7 Nxa3 25. Rfc1 Bf5 26. Rxb7 a6 27. Nxf5 Nxf5 28. Rcc7 Re8 29. g4 Ne7 30. Rd7 Nc4 31. Rbc7 Nb6 32. Rxd6 Nexd5 33. Ra7 Nf4 34. Rd1 Na4 35. h4 Nc5 36. Kh2 Ncd3 37. Rb1 Nxf2 38. Rbb7 Nxg4+ 39. Kg3 Nf6 40. Kxf4 Re4+ 41. Kf3 Rxh4 42. Ra8+ Ne8 43. Rbb8 Ra4 44. Rxe8+ Kf7 45. Re2 h5 46. Rae8 g6 47. R8e4 Ra5 48. a4 g5 49. Rb2 g4+ 50. Kg3 Kf6 51. Kh4 Kf5 52. Rbb4 1-0

[Event "Kiev Spring op"]
[Site "Kiev"]
[Date "2021.07.14"]
[Round "6"]
[White "Holota, Maksym"]
[Black "Darda, Roman"]
[Result "1/2-1/2"]
[WhiteElo "1626"]
[BlackElo "1915"]
[PlyCount "96"]
[EventDate "2021.07.10"]
[EventType "swiss"]
[EventRounds "9"]
[EventCountry "UKR"]
[SourceTitle "EXT 2024"]
[Source "ChessBase"]
[SourceDate "2023.10.10"]
[SourceVersion "1"]
[SourceVersionDate "2023.10.10"]
[SourceQuality "1"]

1. e4 d6 2. d4 Nf6 3. Nd2 e5 4. c3 Be7 5. Ngf3 exd4 6. cxd4 Nc6 7. Bd3 0-0 8. h3 Re8 9. 0-0 Bf8 10. Re1 g6 11. Nb3 Bg7 12. Bf4 Nb4 13. Bb1 b6 14. Qd2 Na6 15. Bd3 Bb7 16. e5 dxe5 17. dxe5 Nd5 18. Bg5 Qd7 19. a3 c5 20. Rad1 Nac7 21. Bc4 Qa4 22. Qe2 h6 23. Bh4 Nf4 24. Qc2 Nxh3+ 25. gxh3 Bxf3 26. Rd3 Bd5 27. Rxd5 Nxd5 28. Bxd5 Qxh4 29. Qxg6 Re7 30. Re4 Kh8 31. Rxh4 fxg6 32. Bxa8 Rxe5 33. Nd2 Re1+ 34. Kg2 Bxb2 35. Nc4 Bf6 36. Re4 Ra1 37. Bc6 Kg7 38. a4 Rb1 39. Nd6 Bg5 40. h4 Bd8 41. Kg3 Rb4 42. Rxb4 cxb4 43. Nc4 a6 44. Nd2 Kf6 45. f4 b5 46. axb5 axb5 47. Bxb5 g5 48. hxg5+ hxg5 1/2-1/2